000
00318nam a22001337a 4500
008
170213b xxu||||| |||| 00| 0 eng d
020
_a
9780176416102
041
_a
eng
080
_2
3RD
_a
61
100
_a
4
101
_a
SHM
245
_a
MANAGEMENT OF OCCUPATIONAL HEALTH AND SAFETY
_c
KELLOWAY, E.K
942
_2
udc
_c
BK
999
_c
5263
_d
5263